| 000 | 01046cam a22002895a 4500 | ||
|---|---|---|---|
| 005 | 20201128023711.0 | ||
| 008 | 151008t2016 nyua frb 001 0 eng d | ||
| 020 | _a9781259588082 | ||
| 020 | _a1259588084 | ||
| 040 |
_aDLC _beng _cDLC _dEG-ScBUE _dEG-ScBUE |
||
| 082 | 0 | 4 |
_a005.82 _bEAS _222 |
| 100 | 1 |
_aEasttom, Chuck. _938311 |
|
| 245 | 1 | 0 |
_aModern cryptography : _bapplied mathematics for encryption and information security / _cChuck Easttom. |
| 260 |
_aNew York : _bMcGraw Hill Education, _cc.2016. |
||
| 300 |
_axix, 394 p. : _bill. ; _c24 cm. |
||
| 500 | _aIndex : p. 379-394. | ||
| 504 | _aIncludes bibliographical references. | ||
| 650 | 7 |
_aData encryption (Computer science) _2BUEsh _92635 |
|
| 650 | 0 |
_aInformation networks _xSecurity measures _xMathematics. _2BUEsh |
|
| 650 | 0 |
_aComputer networks _xSecurity measures _xMathematics. _2BUEsh |
|
| 650 | 0 |
_aComputer security _xMathematics. _2BUEsh |
|
| 651 | _2BUEsh | ||
| 653 |
_bCOMSCI _cMarch2016 |
||
| 653 |
_bCOMSCI _cOctober2016 |
||
| 653 |
_bCOMSCI _cNovember2016 |
||
| 942 | _2ddc | ||
| 999 |
_c21536 _d21508 |
||